000 00804nam a2200253 4500
003 OSt
005 20260530113906.0
008 260430t2005 xxua|||| |||| 00| 0 eng d
040 _aICI
_bspa
_cICI
041 _aeng
050 _aNK1510
_bB473 2005
100 1 _aBerger, Craig M.,
_eautor
_932848
245 1 0 _aWayfinding : $b
_bdesigning and implementing graphic navigational systems /
_cCraig Berger.
264 1 _aMies, Switzerland :
_bRotoVision,
_c2005
300 _a176 páginas :
_bilustraciones (color)
336 _atexto
_2rdacontent
337 _asin medio
_2rdamedia
338 _avolumen
_2rdacarrier
650 1 4 _aWayfinding (Orientación)
_932849
650 2 4 _aSeñalización
_932850
650 2 4 _aDiseño gráfico
_918020
650 2 4 _aComunicación visua
_932851
942 _2lcc
_cBK
_n1
999 _c11966
_d11966